A sportturizmus és a kulturális turizmus kapcsolata
| Szerző: | |
|---|---|
| További közreműködők: | |
| Dokumentumtípus: | Diplomadolgozat |
| Kulcsszavak: | gazdasági hatásvizsgálat kulturális turizmus sportturizmus társadalmi hatásvizsgálat világversenyek |
| Online Access: | http://dolgozattar.uni-bge.hu/59449 |
MARC
| LEADER | 00000nta a2200000 i 4500 | ||
|---|---|---|---|
| 001 | dolg59449 | ||
| 005 | 20260409145054.0 | ||
| 008 | 260409suuuu hu om 000 hun d | ||
| 040 | |a BGE Dolgozattár Repozitórium |b hun | ||
| 041 | |a hu | ||
| 100 | 1 | |a Glavinics Anna Júlia | |
| 245 | 1 | 2 | |a A sportturizmus és a kulturális turizmus kapcsolata |c Glavinics Anna Júlia |h [elektronikus dokumentum] |
| 520 | 3 | |a A szakdolgozatom témája a sportturizmus és a kulturális turizmus közti kapcsolat vizsgálata. A turizmus egy hatalmas és folyamatosan növekvő iparág, melynek típusai bizonyos mértékben kapcsolódnak egymáshoz.A dolgozatom fő kérdései, hogy korábban vagy jelenleg van-e valamilyen kapcsolatos a két terület között, illetve, hogy van-e igény a sportturizmus és a kulturális turizmus összekapcsolásáraA primer kutatásom során interjúkat készítettem a sport, illetve a turizmus területén dolgozókkal. Emellett egy online kérdőívet, melyek közösségi média felületeimen és releváns csoportokban osztottam meg.A kutatásom végén arra a következtetésre jutottam, hogy a vizsgált két terület között szoros kapcsolat van, melynek több pozitív gazdasági és társadalmi hatása is van. | |
| 695 | |a gazdasági hatásvizsgálat | ||
| 695 | |a kulturális turizmus | ||
| 695 | |a sportturizmus | ||
| 695 | |a társadalmi hatásvizsgálat | ||
| 695 | |a világversenyek | ||
| 700 | 1 | |a Gászné Bősz Bernadett |e ths | |
| 856 | 4 | 0 | |u http://dolgozattar.uni-bge.hu/59449/1/A%20sportturizmus%20%C3%A9s%20a%20kultur%C3%A1lis%20turizmus%20kapcsolata_Glavinics_Anna_J%C3%BAlia_Y4ODKC.pdf |z Dokumentum-elérés |
| 856 | 4 | 0 | |u http://dolgozattar.uni-bge.hu/59449/2/Glavinics_Anna_konzulens_G%C3%A1szn%C3%A9_B%C5%91sz_Bernadett.pdf |z Dokumentum-elérés |
| 856 | 4 | 0 | |u http://dolgozattar.uni-bge.hu/59449/3/glavinics_anna_j%C3%BAlia_opponens_nagy_gabriella.pdf |z Dokumentum-elérés |